000 00261nam a22001097a 4500
008 170104b xxu||||| |||| 00| 0 eng d
020 _a9780763729523
041 _aeng
080 _24TH
_a618.2
245 _aHEALTHY LIVING
_cALTERS, S & SCHIFF, W
942 _2udc
_cBK
999 _c2533
_d2533